Implementación de herramientas de manejo de paisaje como estrategia para la conservación de la biodiversidad en la Cuenca media del Río Nima Fase II y III (Registro nro. 6295)
[ vista simple ]
| 000 -CABECERA | |
|---|---|
| Campo de control | 00612nam a2200181 a 4500 |
| 005 - FECHA Y HORA DE LA ULTIMA TRANSACCION | |
| Campo de control | 20160311020001.0 |
| 008 - ELEMENTOS DE LONGITUD FIJA—INFORMACION GENERAL | |
| Campo de control | 140130b2008 ck ||||| |||| 00| 0 spa d |
| 040 ## - FUENTE DE CATALOGACIÓN | |
| Agencia transcriptora | CO-BoIH |
| 041 ## - IDIOMA | |
| Código de idioma para texto/pista de sonido o título separado | Español |
| 044 ## - PAÍS DE PUBLICACIÓN | |
| País de publicación | Colombia |
| 090 ## - CLASIFICACIÓN LOCAL | |
| Colección | IAVH |
| Consecutivo | 01191 |
| 110 ## - ASIENTO PRINCIPAL--NOMBRE CORPORATIVO | |
| Unidad subordinad | Fundación Ambiente Colombia |
| 245 ## - MENCION DE TITULO | |
| Título | Implementación de herramientas de manejo de paisaje como estrategia para la conservación de la biodiversidad en la Cuenca media del Río Nima Fase II y III |
| Parte restante del título | Informe final |
| 260 ## - PUBLICACION, DISTRIBUCION, ETC. (PIE DE IMPRENTA) | |
| Lugar de publicación, distribución, etc. | Palmira |
| Nombre del editor, distribuidor, etc. | CVC |
| -- | IAVH |
| Fecha de publicación, distribución, etc. | 2008 |
| 300 ## - DESCRIPCION FISICA | |
| Extensión | 52 p. |
| 662 ## - ASIENTO SECUNDARIO DE MATERIA - JERARQUIA DEL NOMBRE DE LUGAR( | |
| País o entidad mayor | Colombia |
| Jurisdicción política intermedia | Río Nima |
| Jurisdicción política de primer orden | Valle del Cauca |
| 942 ## - ELEMENTOS ADICIONALES (KOHA) | |
| Tipo de ítem | Informe Técnico |
| Sistema de clasificación | Local |
| Koha issues (borrowed), all copies | 1 |
| Withdrawn status | Lost status | Sistema de Clasificación | Damaged status | No para préstamo | Colección | Inventariado | Ubicación Permanente | Ubicación actual | Fecha de adquisición | Total Checkouts | Número topográfico | Inventario / Código de Barras | Date last seen | Date checked out | Ejemplar | Price effective from | Forma de adquisición | Tipo de material | Public note |
|---|---|---|---|---|---|---|---|---|---|---|---|---|---|---|---|---|---|---|---|
| Local | Humboldt | Inventariado 2017 | Bogotá | Bogotá | 16/06/2008 | 1 | IAVH-01191 | 026032 | 09/08/2024 | 10/03/2016 | Ej. 1 | 04/12/2012 | Informe Técnico | ||||||
| Local | Audiovisual | Bogotá | Bogotá | 16/06/2008 | IAVH-01191 | 026033 | 04/12/2012 | Ej. 2 | 04/12/2012 | CD-ROM | Proyecto Nima Medio Fase 2-3 |